| 000 | 00610nam a22002051a 4500 | ||
|---|---|---|---|
| 001 | 11375 | ||
| 003 | OSt | ||
| 005 | 20260204212240.0 | ||
| 008 | 120830s2011||||ck ||||||b||||||||||spa|| | ||
| 020 | _a9789586954525 | ||
| 050 | _a510.711 F761m | ||
| 100 | _aForero Cuervo, Andrés | ||
| 245 | _aMatemática estructural / Andrés Forero Cuervo | ||
| 264 | _aColombia: Ediciones Universidades | ||
| 300 | _a324 p | ||
| 500 | _aIncluye bibliografía e indice | ||
| 650 | _aMatemática - Fundamentos 2.Matemáticas - Enseñanza Superior | ||
| 700 | _aUniversidad de los Andes (Colombia)Ì | ||
| 942 |
_2ddc _cBK |
||
| 999 |
_c11375 _d11375 |
||